Journal intime de Nicolas II / (Record no. 112077)

MARC details
000 -LEADER
campo de control de longitud fija 00743nam a2200205 4500
001 - NÚMERO DE CONTROL
campo de control 112077
003 - IDENTIFICADOR DE NÚMERO DE CONTROL
campo de control ES-MaACL
005 - FECHA Y HORA DE LA ÚLTIMA TRANSACCIÓN
campo de control 20251016160246.0
007 - CAMPO FIJO DE DESCRIPCIÓN FÍSICA--INFORMACIÓN GENERAL
campo de control de longitud fija t|
008 - DATOS DE LONGITUD FIJA--INFORMACIÓN GENERAL
campo de control de longitud fija 061121s1925 fr r ||||1| fre d
100 1# - ENTRADA PRINCIPAL--NOMBRE DE PERSONA
Nombre de persona Nicolás
Numeración II
Títulos y otros términos asociados al nombre Emperador de Rusia.
9 (RLIN) 85573
245 10 - MENCIÓN DEL TÍTULO
Título Journal intime de Nicolas II /
Mención de responsabilidad, etc. traduction de A. Pierre.
260 ## - PUBLICACIÓN, DISTRIBUCIÓN, ETC.
Lugar de publicación, distribución, etc. Paris :
Nombre del editor, distribuidor, etc. Payot,
Fecha de publicación, distribución, etc. 1925.
300 ## - DESCRIPCIÓN FÍSICA
Extensión 302 p. ;
Dimensiones 23 x 14 cm.
490 1# - MENCIÓN DE SERIE
Mención de serie Collection de mémoires, études et documents pour servir áa l'histoire de la guerre mondiale
700 1# - ENTRADA AGREGADA--NOMBRE PERSONAL
Nombre de persona Pierre, A.
9 (RLIN) 91953
830 0# - PUNTO DE ACCESO ADICIONAL DE SERIE-TÍTULO UNIFORME
Título uniforme Collection de mémoires, études et documents pour servir à l'histoire de la guerre mondiale
9 (RLIN) 187615
852 ## - LOCALIZACIÓN
Ubicación ES-MaACL
Número de control de estantería F-4392
Sublocalización o colección R.5352
Holdings
Estatus retirado Estado de pérdida Estado de daño No para préstamo Biblioteca de origen Biblioteca actual Ubicación en estantería Fecha de adquisición Fuente de adquisición Total de préstamos Signatura topográfica completa Código de barras Visto por última vez Precio de reemplazo Tipo de ítem Koha
        Biblioteca del Ateneo de Madrid Biblioteca del Ateneo de Madrid Depósito 2 17/01/2008     F-4392 1116907 23/02/2023 23/02/2023 Libro impreso